Свойства и применение редкоземельных металлов: материалы конференции по редкоземельным металлам, ноябрь 1959 г., Чикаго: пер. с англ.

Dettagli Bibliografici
Altri autori: Савицкий Е. М. Евгений Михайлович (редактор)
Lingua:russo
Pubblicazione: Москва, Изд-во иностранной литературы, 1960
Serie:Металлы в новой технике
Soggetti:
Natura: MixedMaterials Libro
KOHA link:https://koha.lib.tpu.ru/cgi-bin/koha/opac-detail.pl?biblionumber=95884

MARC

LEADER 00000nam0a2200000 4500
001 95884
005 20231101214032.0
035 |a (RuTPU)RU\TPU\book\102648 
090 |a 95884 
100 |a 20060504d1960 k y0rusy50 ca 
101 1 |a rus  |c eng 
102 |a RU 
105 |a a z 101zy 
200 1 |a Свойства и применение редкоземельных металлов  |e материалы конференции по редкоземельным металлам, ноябрь 1959 г., Чикаго: пер. с англ.  |f под ред. Е. М. Савицкого 
210 |a Москва  |c Изд-во иностранной литературы  |d 1960 
215 |a 95 с.  |c ил. 
225 1 |a Металлы в новой технике 
320 |a Библиогр. в конце докладов 
606 1 |a Редкоземельные элементы  |x Металлургия  |2 stltpush  |3 (RuTPU)RU\TPU\subj\24287  |9 48673 
610 1 |a редкоземельные металлы 
610 1 |a свойства 
610 1 |a применение 
610 1 |a конференции 
675 |a 669.85/.86(063)  |v 4 
702 1 |a Савицкий  |b Е. М.  |g Евгений Михайлович  |4 340 
801 1 |a RU  |b 63413507  |c 20060504  |g PSBO 
801 2 |a RU  |b 63413507  |c 20190125  |g PSBO 
942 |c BK